| 000 | 00320nam a2200133 i 4500 | ||
|---|---|---|---|
| 001 | bg | ||
| 100 | 1 | _aKRZEMIŃSKI, I. | |
| 245 | 0 |
_aSymboliczny interakcjonizm i socjologia / _cI. Krzemiński. |
|
| 260 |
_aWarszawa, _c1986. |
||
| 040 | _cBPK | ||
| 041 | _apol | ||
| 942 | _cKS | ||
| 008 | s pl f |000 0 pol | ||
| 999 |
_c2828 _d2828 |
||
| 856 |
_uhttp://koha.tu.koszalin.pl/cgi-bin/koha/opac-detail.pl?biblionumber=2828 _yKatalog online BPK |
||